| 000 | 00583cam a22002054a 4500 | ||
|---|---|---|---|
| 999 |
_c7069 _d7069 |
||
| 001 | 6533 | ||
| 003 | BD-DhUAP | ||
| 005 | 20210113141255.0 | ||
| 008 | 201222s1988 nyua b 001 0 eng | ||
| 020 | _a0256073112 | ||
| 040 |
_aDLC _cDLC _dBD-DhUAP _beng |
||
| 082 | 0 | 0 |
_a658.15 JON _223 |
| 100 | _aJones, Charles P. | ||
| 245 |
_aIntroduction to financial management / _cCharles P. Jones. |
||
| 260 |
_aHomewood, Ill : _bIrwin, _cc1992. |
||
| 300 |
_axxvii, 704 pages : _billustrations ; _c24 cm. |
||
| 500 | _aIncludes index. | ||
| 650 | _aCorporations--Finance. | ||
| 942 |
_2ddc _cBK |
||